000 00895nas a2200289 4500
001 BR0602845
003 BR-BrBNA
005 20231205110125.0
007 ta
008 230509b bl.|||p| |||| 00| 00por d
040 _aBR-BrBNA
_bpor
_cBiblioteca Nacional de Agricultura
041 _a(Pt)
072 _aF04; F06
100 1 _aReis, O.V. dos
100 1 _aLeite, J.P.
100 1 _aLima, L.E. de
245 1 _aFertilização NPK do podzólico amarelo, com batateira (Solanum tuberosum L.)irrigada, por três anos consecutivos
650 _aBATATA
650 _aFERTILIZANTE
650 _aNPK
650 _aNUTRIENTE MINERAL
650 _aPODZÓLICO
650 _aIRRIGAÇÃO
773 0 _tPesquisa Agropecuária Pernambucana (Brazil)
_xISSN 0100-8501
_g(Jan-Dec 2002), v. 13 (Especial) p. 51-63
_wBR0602845
909 _a202311
_bLúcia
_c55
_dLúcia Elande
942 _2AGRIS
_n0
_cANA
999 _c186283
_d186283